000 00912nam a22003017a 4500
001 4802
003 FISKH
005 20260226101424.0
008 241014b cb ||||| |||| 00| 0 eng d
020 _a9780448421889
040 _aFISKH
_beng
_cFISKH
_dFISKH
050 _aPZ8.W7185
082 _a394.261
100 _aWing, Natasha
_d(1960-)
245 _aThe night before valentine's day /
_cBy Natasha Wing Illustrated by Heidi Petach
250 _a2000
260 _aCanada :
_bGrosset&Dunlap,
_c2000.
300 _a29 pages :
_bColor illustrations ;
_c21cm
505 _aN
520 _aIn the tradition of "The Night Before Christmas," these rhymes outline the fun of Valentine's Day.
521 8 _a580L
_bLexile
521 8 _aN
_bRaz-Plus
650 _2Valentine
_aFebruary
650 _2Holiday
_aSchool
700 _aPetach, Heidi
_dIllustrator
942 _2ddc
_cBK
_n0
999 _c4802
_d4802